| 000 | 00836nas a2200277 4500 | ||
|---|---|---|---|
| 001 | BR9704215 | ||
| 003 | BR-BrBNA | ||
| 005 | 20231205100510.0 | ||
| 007 | ta | ||
| 008 | 230509b bl.|||p| |||| 00| 00por d | ||
| 040 |
_aBR-BrBNA _bpor _cBiblioteca Nacional de Agricultura |
||
| 041 | _a(Pt) | ||
| 072 | _aQ04 | ||
| 100 | 1 | _aBonassi, I.A. | |
| 100 | 1 | _aMartins, D. | |
| 100 | 1 | _aRoca, R. de O. | |
| 245 | 1 | _aComposicao quimica e propriedades fisico-quimicas do leite de cabra | |
| 650 | _aLeite de Cabra | ||
| 650 | _aComposicao Quimica | ||
| 650 | _aPropriedade Fisico-Quimica | ||
| 650 | _aAnalise Quimica | ||
| 650 | _aGordura | ||
| 773 | 0 |
_tCiencia e Tecnologia de Alimentos (Brazil) _xISSN 0101-2061 _g(Jan-Apr 1997), v. 17(1) p. 57-63 _wBR9704215 |
|
| 909 |
_a202311 _bLúcia _c55 _dLúcia Elande |
||
| 942 |
_2AGRIS _n0 _cANA |
||
| 999 |
_c156364 _d156364 |
||